000 00667nam a2200241Ia 4500
003 OSt
005 20221002050938.0
006 a|||||r|||| 00| 0
007 ta
008 220930b |||||||| |||| 00| 0 eng d
024 _a21493
037 _cReference Collections
040 _aCRL
_cCRL
_beng
041 _2eng
_aeng
082 _aB28k, M2.1-.2(RR)
100 _aKotz Samul Ed
_9571921
245 0 _aEncyclopedia of statistical sciences
260 _aNew York
_bJohn Wiley
_c1982
300 _a480p, 613p
_ccm.
650 _aMATHEMATICS
942 _hB28k, M2.1-.2(RR)
_cref
_2CC
999 _c915667
_d915667